Miasta świata po obrazku (Europa-łatwe) - Statystyki

Ogólne statystyki
  • Ten quiz został rozwiązany 324 razy
  • Średni wynik to 9 z 22
Statystyki odpowiedzi
Obrazkowy Odpowiedź % Poprawnych
Rzym
95%
Londyn
93%
Ateny
91%
Paryż
85%
Moskwa
84%
Berlin
80%
Wenecja
71%
Istambuł
54%
Kijów
42%
Oslo
38%
Dublin
34%
Sztokholm
32%
Helsinki
30%
Zagrzeb
27%
Edynburg
19%
Frankfurt
12%
Neapol
12%
Turyn
12%
Gibraltar
10%
Częstochowa
7%
Ufa
2%
Jelenia góra
0%
Nie znaleziono quizów pasujących do podanych kryteriów
Rozkład punktacji
Procent ludzi z każdym wynikiem
Percentyl według liczby udzielonych odpowiedzi
Twoja historia wyników
Nie rozwiązałeś tego quizu